000 01529cam a2200277 a 4500
001 1660
005 20250723154508.0
020 _a9780439862165
040 _aDLC
_cDLC
_dDLC
_beng
050 0 0 _aPS586.K525
082 0 0 _a811.00809282
_222
100 _aJaneczko, Paul B.
245 0 2 _aA kick in the head /
_cedited by Paul B. Janeczko ; illustrated by Chris Raschka.
250 _aFirst Scholastic printing, February 2006
260 _aNew York :
_bScholastic,
_c2005
300 _a61 pages :
_bcolor illustrations ;
_c230 cm
505 _aP
520 _aIn this splendid and playful volume, acclaimed poetry anthologist Paul B. Janeczko and Caldecott Honor illustrator Chris Raschka present lively examples of twenty-nine poetic forms, demonstrating not only the (sometimes bendable) rules of poetry, but also the spirit that brings these forms so wonderfully to life. Featuring formal poems, some familiar and some never before published, from the likes of Eleanor Farjeon (aubade), X.J. Kennedy (elegy), Ogden Nash (couplet), Liz Rosenberg (pantoum), and William Shakespeare, the sonnet king himself, A Kick in the Head perfectly illustrates Robert Frost's maxim that poetry without rules is like a tennis match without a net.
521 _a600
_bLexile
521 _aP
_bRaz-Plus
650 0 _aChildren's poetry, American.
650 0 _aLiterary form
_vJuvenile literature.
700 1 _aRaschka, Christopher
_eillustrator
906 _a7
_bcbc
_corignew
_d1
_eocip
_f20
_gy-gencatlg
942 _2ddc
_cBK
_n0
999 _c1660
_d1660